Akab: Hindi Fiction (Record no. 3667)
[ view plain ]
| 000 -LEADER | |
|---|---|
| fixed length control field | 00333nam a2200157Ia 4500 |
| 008 - FIXED-LENGTH DATA ELEMENTS--GENERAL INFORMATION | |
| fixed length control field | 230523s9999 xx 000 0 und d |
| 082 ## - DEWEY DECIMAL CLASSIFICATION NUMBER | |
| Classification number | 891 GOV |
| 100 ## - MAIN ENTRY--PERSONAL NAME | |
| Main Author Name | Govil, Prabodh Kumar |
| 245 #0 - TITLE STATEMENT | |
| Title | Akab: Hindi Fiction |
| 250 ## - EDITION STATEMENT | |
| Edition | 2 |
| 260 ## - PUBLICATION, DISTRIBUTION, ETC. | |
| Place of publication | Jaipur |
| 260 ## - PUBLICATION, DISTRIBUTION, ETC. | |
| publisher Name | Aayush Books |
| 260 ## - PUBLICATION, DISTRIBUTION, ETC. | |
| Date of publication | 2018 |
| 300 ## - PHYSICAL DESCRIPTION | |
| Number Of Page | 128 |
| 942 ## - ADDED ENTRY ELEMENTS (KOHA) | |
| Koha item type | Reference Book |
| Lost status | Not for loan | Home library | Current library | Date last seen | Koha item type | School | Total Checkouts | Full call number | Barcode | Cost, replacement price | Price effective from | Withdrawn status | Date acquired | Source of acquisition | Cost, normal purchase price | Discount | Bill Date | Bill No |
|---|---|---|---|---|---|---|---|---|---|---|---|---|---|---|---|---|---|---|
| BGU Central Library | BGU Central Library | 23/05/2023 | Reference Book | School of Management | 891 GOV | R336 | 200.00 | 23/05/2023 | 03/12/2018 | Gifted | 200.00 | 2018-12-03 | Gift | |||||
| BGU Central Library | BGU Central Library | 23/05/2023 | Reference Book | School of Management | 891 GOV | R337 | 200.00 | 23/05/2023 | 03/12/2018 | Gifted | 200.00 | 2018-12-03 | Gift |

2cqr automation private limited, Chennai. All Rights Reserved.